| 000 | 00780nmc a2200265 a 4500 | ||
|---|---|---|---|
| 003 | AR-BaBNM | ||
| 005 | 20251128211610.0 | ||
| 008 | 164120s2000 ||||||||||||||000 | spa|| | ||
| 020 | _a84-7432-721-0 | ||
| 040 | _cAR-BaBNM | ||
| 100 | 1 | _aBateman, Walter L. | |
| 245 | 1 | 0 |
_aAlumnos curiosos _bpreguntas para aprender y preguntas para enseñar |
| 260 |
_aBarcelona _bGedisa _c2000 |
||
| 300 | _a253 p. | ||
| 490 | 0 |
_aBiblioteca de educación. Didáctica general _vv. 2 |
|
| 504 | _aContiene referencias bibliográficas p. 239-241 | ||
| 650 | 4 | _aDIDACTICA | |
| 650 | 4 | _aACTIVIDADES DE LA CLASE | |
| 650 | 4 | _aHIPOTESIS | |
| 650 | 4 | _aPARTICIPACION DEL ALUMNO | |
| 650 | 4 | _aROL DEL DOCENTE | |
| 650 | 4 | _aINVESTIGACION EN LA CLASE | |
| 942 | _cBK | ||
| 998 | _cme-solo cat | ||
| 999 |
_c20366 _d20366 |
||